000 00438nam a2200181Ia 4500
001 20466
005 20260306172808.0
008 260306t2024||||xx |||||||||||||| ||spa||
041 _aESP
082 _a343.285
_bC89
100 _aDomínguez Haro, Helder,
_eAUT
245 0 _aLa Constitución 30 años después
260 _c2024
300 _a462 páginas :
_c25 cm.
650 _aGEN
654 _aCDE
942 _cLIB
_dJUS
_fJUS
_2ddc
_n
999 _c20466
_d20466